|
|
|
|
| LEADER |
00874nam a22002297a 4500 |
| 001 |
AAL7510 |
| 003 |
BD-DhAAL |
| 005 |
20160228123756.0 |
| 008 |
160228b20082006bg ||||| |||| 00| 0 ben d |
| 020 |
|
|
|a 984407073X
|
| 040 |
|
|
|a BD-DhAAL
|c BD-DhAAL
|
| 082 |
|
|
|2 22
|a 297.3/6
|
| 100 |
|
|
|a হোসেন, মীর মশাররফ
|9 18224
|
| 245 |
|
|
|a বিষাদ সিন্ধু /
|c মীর মশাররফ হোসেন
|
| 260 |
|
|
|a ঢাকা :
|b অনির্বাণ,
|c ২০০৬
|
| 300 |
|
|
|a ৩২০ পৃ. ;
|c ২২ সে.মি.
|
| 541 |
|
|
|e 7510
|
| 650 |
|
|
|a Muharram.
|9 18225
|
| 852 |
|
|
|a Savar Campus Library
|c General Shelf
|
| 942 |
|
|
|2 ddc
|c BK
|
| 999 |
|
|
|c 36947
|d 36947
|
| 952 |
|
|
|0 0
|1 0
|2 ddc
|4 0
|6 297_300000000000000_6_HOS
|7 0
|9 58198
|a SCL
|b SCL
|c GEN
|d 2016-02-28
|g 200.00
|l 7
|m 22
|o 297.36 HOS
|p 3020007510
|r 2025-01-11
|s 2024-10-22
|t 1
|w 2016-02-28
|y BK
|